Packaging 2 : (Record no. 22340)

MARC details
000 -CABECERA
campo de control de longitud fija 01086nam a2200265 4500
003 - IDENTIFICADOR DEL NÚMERO DE CONTROL
campo de control OSt
005 - FECHA Y HORA DE LA ÚLTIMA TRANSACCIÓN
campo de control 20260601193904.0
008 - DATOS DE LONGITUD FIJA--INFORMACIÓN GENERAL
campo de control de longitud fija 260508b1970 sz ||||| |||| 00| 0 eng d
040 ## - FUENTE DE LA CATALOGACIÓN
Centro catalogador/agencia de origen ICI
Lengua de catalogación spa
Centro/agencia transcriptor ICI
Normas de descripción rda
050 #0 - SIGNATURA TOPOGRÁFICA DE LA BIBLIOTECA DEL CONGRESO
Número de clasificación HF5770
Número de documento/Ítem H47 1970
100 #1 - ENTRADA PRINCIPAL--NOMBRE DE PERSONA
Nombre de persona Herdeg, Walter,
Fechas asociadas al nombre 1908-1995,
Término indicativo de función/relación editor.Herdeg, Walter,
9 (RLIN) 34280
245 #1 - MENCIÓN DE TÍTULO
Título Packaging 2 :
Resto del título an international survey of package design = Packungen : ein internationaler Uberblick uber die Packungsgestaltung = Emballages : un repertoire international des formes de l'emballage /
Mención de responsabilidad, etc. edited by Walter Herdeg.
264 ## - PRODUCCIÓN, PUBLICACIÓN, DISTRIBUCIÓN, FABRICACIÓN Y COPYRIGHT
Producción, publicación, distribución, fabricación y copyright Zurich :
Nombre del de productor, editor, distribuidor, fabricante The Graphis Press,
300 ## - DESCRIPCIÓN FÍSICA
Extensión 271 páginas :
Otras características físicas ilustraciones (algunas a color) ;
336 ## - TIPO DE CONTENIDO
Fuente rdacontent
Término de tipo de contenido texto
337 ## - TIPO DE MEDIO
Fuente rdamedia
Nombre/término del tipo de medio sin medio
338 ## - TIPO DE SOPORTE
Fuente rdacarrier
Nombre/término del tipo de soporte volumen
490 #0 - MENCIÓN DE SERIE
Mención de serie Publication / Graphis Press ;
Designación de volumen o secuencia no. 120
500 ## - NOTA GENERAL
Nota general Texto en inglés, alemán y francés.
500 ## - NOTA GENERAL
Nota general Incluye índices de diseñadores, agencias y clientes.
650 ## - PUNTO DE ACCESO ADICIONAL DE MATERIA--TÉRMINO DE MATERIA
Término de materia o nombre geográfico como elemento de entrada Empaque
Subdivisión general Diseño.
9 (RLIN) 34281
650 ## - PUNTO DE ACCESO ADICIONAL DE MATERIA--TÉRMINO DE MATERIA
Término de materia o nombre geográfico como elemento de entrada Embalaje
Subdivisión general Diseño.
9 (RLIN) 34282
710 #2 - PUNTO DE ACCESO ADICIONAL--NOMBRE DE ENTIDAD CORPORATIVA
Nombre de entidad corporativa o nombre de jurisdicción como elemento de entrada Graphis Press.
942 ## - ELEMENTOS DE PUNTO DE ACCESO ADICIONAL (KOHA)
Fuente del sistema de clasificación o colocación Library of Congress Classification
Suprimir en OPAC 1
Tipo de ítem Koha Libros
Holdings
Estado de retiro Estado de pérdida Fuente del sistema de clasificación o colocación Estado dañado No para préstamo Localización permanente Ubicación/localización actual Fecha de adquisición Total de préstamos Signatura topográfica completa Código de barras Fecha visto por última vez Número de copia Precio válido a partir de Tipo de ítem Koha
El ejemplar forma parte de la colección y puede ser consultado según las políticas vigentes.   Library of Congress Classification     Biblioteca de Diseño Museo Franz Mayer Biblioteca de Diseño Museo Franz Mayer 08/05/2026   HF5770 H47 1970 BDIMFM000914 08/05/2026 EJ.1 08/05/2026 Libros